Survey of property trends (Record no. 105548)

MARC details
000 -LEADER
fixed length control field 01282cam a2200229 4500
001 - CONTROL NUMBER
control field ##L134112
008 - FIXED-LENGTH DATA ELEMENTS--GENERAL INFORMATION
fixed length control field 060711n2006 000 0 eng u
035 ## - SYSTEM CONTROL NUMBER
System control number (Sirsi) u134112
041 0# - LANGUAGE CODE
Language code of text/sound track or separate title eng
050 04 - LIBRARY OF CONGRESS CALL NUMBER
Classification number 332.6324 $2 18
110 2# - MAIN ENTRY--CORPORATE NAME
Corporate name or jurisdiction name as entry element GVA Grimley
9 (RLIN) 3646
245 00 - TITLE STATEMENT
Title Survey of property trends
Remainder of title commercial property - meeting the needs of business
260 ## - PUBLICATION, DISTRIBUTION, ETC.
Place of publication, distribution, etc. London
Name of publisher, distributor, etc. GVA Grimley
Date of publication, distribution, etc. 2006
490 #0 - SERIES STATEMENT
Series statement CBI/GVA Grimley Survey of Property Trends
Volume/sequential designation Winter 2005/06
520 ## - SUMMARY, ETC.
Summary, etc. Supplements the CBI/GVA Grimley "Survey of property trends" (L134111) conducted in November 2005. Questions respondents on the ability of their operational property portfolio to meet the challenges of the continually changing business environment. Finds that overall results are encouraging, with property seen as only a moderate constraint in meeting business needs, and with an improvement in the willingness of landlords to make lease terms more flexible. Graphs.
650 24 - SUBJECT ADDED ENTRY--TOPICAL TERM
Topical term or geographic name entry element CBI/GVA GRIMLEY SURVEY OF PROPERTY TRENDS
651 #4 - SUBJECT ADDED ENTRY--GEOGRAPHIC NAME
Geographic name United Kingdom
Chronological subdivision
690 ## - LOCAL SUBJECT ADDED ENTRY--TOPICAL TERM (OCLC, RLIN)
Topical term or geographic name as entry element PROPERTY-COMMERCIAL PROPERTY-COMMERCIAL PROPERTY MARKET
710 2# - ADDED ENTRY--CORPORATE NAME
Corporate name or jurisdiction name as entry element Confederation of British Industry
9 (RLIN) 414
856 40 - ELECTRONIC LOCATION AND ACCESS
Uniform Resource Identifier <a href="https://www.gvagrimley.co.uk/">https://www.gvagrimley.co.uk/</a>
Public note View the item free of charge at www.gvagrimley.co.uk...
942 ## - ADDED ENTRY ELEMENTS (KOHA)
Suppress in OPAC 0
Holdings
Withdrawn status Lost status Source of classification or shelving scheme Damaged status Not for loan Home library Current library Shelving location Date acquired Total Checkouts Full call number Barcode Date last seen Copy number Price effective from Koha item type
    Dewey Decimal Classification     Virtual Virtual Online 11/07/2006   ONLINE PUBLICATION 134112-1001 06/08/2019 1 06/08/2019 Book